000 02419nam a22002657a 4500
999 _c62176
_d62176
003 Ge_BSU
005 20240726175234.0
008 240726s2023 ge ||||| |||| 00| 0 geo d
020 _a9789941985645
041 _ageo
080 _a94(395)(031)ა-69
245 _aანტიკური კავკასია: ენციკლოპედია: რუკები და ილუსტრაციები = Caucasus Antiguus: Encyclios disciplina. volumen V: tabulae et illustrations.
_bტომი V /
_cრედაქტორები: რისმაგ გორდეზიანი, მაია დანელია, გიორგი უგულავა, ეკატერინე კვირკველია.
264 _aთბილისი:
_bლოგოსი,
_c2023.
300 _a463 გვ:.
_bრუკები და ილუსტრაციები ;
_c29 სმ.
440 _aპროგრამა ”ლოგოსი” : პუბლიკაციები და ღონისძიებები კლასიკური ფილოლოგიის, ბიზანტინისტიკისა და ნეოგრეცისტიკის სფეროში
_93642
653 _aისტორია , კავკასიის ისტორია, ანტიკური ისტორია ,ანტიკური კავკასია,ენციკლოპედია
653 _aHistory, History of Caucasus , Antique history , Antique Caucasus, Encyclopedia.
700 _aგორდეზიანი, რისმაგ
_eრედაქტორი
_922983
700 _a დანელია, მაია
_eრედაქტორი
_922984
700 _a გიორგი, უგულავა
_eრედაქტორი
_922985
700 _aკვირკველია, ეკატერინე ,
_eრედაქტორი
_922986
710 _a ივანე ჯავახიშვილის სახელობის თბილისის სახელმწიფო უნივერსიტეტი.
_922987
710 _aკლასიკური ფილოლოგიის, ბიზანტინისტიკისა და ნეოგრეცისტიკის ინსტიტუტი.
_922988
942 _2udc
_cᲬᲘᲒᲜᲘ